Catálogo

PALAFOX SU PONTIFICADO EN PUEBLA, 1640-1649. (Registro nro. 44492)

Detalles MARC
000 -LEADER
fixed length control field 01015nam a2200217 a 4500
001 - CONTROL NUMBER
control field 44492
005 - DATE AND TIME OF LATEST TRANSACTION
control field 20180714023351.0
008 - FIXED-LENGTH DATA ELEMENTS--GENERAL INFORMATION
fixed length control field 140415s2000 mx 000 0 spa d
020 ## - INTERNATIONAL STANDARD BOOK NUMBER
International Standard Book Number 9685122261
041 ## - LANGUAGE CODE
Language code of text/sound track or separate title spa
082 ## - DEWEY DECIMAL CLASSIFICATION NUMBER
Classification number 270.092
Item number CAS
100 1# - MAIN ENTRY--PERSONAL NAME
Personal name CASTRO RAMÍREZ, JOSÉ EDUARDO
245 10 - TITLE STATEMENT
Title PALAFOX SU PONTIFICADO EN PUEBLA, 1640-1649.
250 ## - EDITION STATEMENT
Edition statement 1a ed.
260 ## - PUBLICATION, DISTRIBUTION, ETC.
Place of publication, distribution, etc. MEXICO :
Name of publisher, distributor, etc. SECRETARIA DE CULTURA, PUEBLA,
Date of publication, distribution, etc. 2000.
300 ## - PHYSICAL DESCRIPTION
Extent 104 ;
Dimensions x 14 x 21.
490 ## - SERIES STATEMENT
Series statement ÁNGELES DE ESPEJO, PUEBLA
500 ## - GENERAL NOTE
General note COLECCIÓN PUEBLA
520 ## - SUMMARY, ETC.
Summary, etc. ESTE ES UN LIBRO BIOGRÁFICO DE DON JUAN DE PALAFOX Y MENDOZA Y SU LABOR DESEMPEÑADA CON LOS INDIOS DE LA NUEVA ESPAÑA, PERO EN ESPECIAL DE SUS OBRAS EN PUEBLA DURANTE SU PONTIFICADO. NUESTRO INTENTO, ES TRATAR DE ELABORAR UN TRABAJO DE CONJUNTO, ES DECIR, ESTUDIAR TODOS AQUELLOS CAMPOS EN LOS QUE INFLUYO SU ACTUACION COMO PASTOR DE ALMAS, QUE ERA EN REALIDAD SU PRINCIPAL INTERES.
650 14 - SUBJECT ADDED ENTRY--TOPICAL TERM
Topical term or geographic name entry element PALAFOX Y MENDOZA, JUAN DE,
General subdivision BIOGRAFIA
Existencias
Withdrawn status Lost status Source of classification or shelving scheme Damaged status Not for loan Collection code Home library Current library Shelving location Date acquired Source of acquisition Inventory number Total Checkouts Full call number Barcode Date last seen Price effective from Koha item type
    Dewey Decimal Classification   Consulta en sala Puebla Biblioteca Karol Wojtyla Biblioteca Karol Wojtyla Área de silencio 03/12/2013 Compra 151000000000000000061865   270.092 CAS 2000 66856 05/01/2026 11/08/2015 Libro